000 00714nam a2200241 4500
001 38771
003 (BD-RjUL)
005 20211209052846.0
008 931215s1994 ne a b 100 0 eng
020 _a0074621408
035 _a(BD-RjUL)
040 _aDLC
_c(BD-RjUL)
_dMYG
100 _aGupta, R G
_9119605
245 1 0 _aAudio and video Systems
_bPrinciples & Troubleshooting
_cR G Gupta
260 _aNew Delhi ;
_bTata McGraw Hill Com .,
_cc1995
300 _axii, 334 p. :
_bill. ;
_c22 cm.
500 _aIncludes Index.
650 0 _aDigital television
_9119606
650 0 _aDigital audio broadcasting
_9119607
650 0 _aDigital communications
_9117150
942 _2ddc
_cBK
999 _c38771
_d38771